000
00295nam a22001337a 4500
008
260427b ||||| |||| 00| 0 eng d
020
_a
9789995621698
041
_a
Shqip
080
_a
11.1
100
_a
20
101
_a
Ngjarje
245
_a
Dhëmbi i Bardhë
_c
Xhek London
942
_2
udc
_c
BK
999
_c
60998
_d
60998